Responses for Show #6140 - Friday, April 29, 2011

Contestants

[<< previous game]

Ian Pickus, a public radio producer from Rensselaer, New York

Grant Wing, an office manager from Vancouver, British Columbia

Joe McKee, a percussionist from Palos Heights, Illinois (whose 1-day cash winnings total $22,600)

[next game >>]

Jeopardy! Round responses

STATE PARKS
FIRST NAMES IN THE DICTIONARY
STUPID ANSWERS
'80s FADS
SCRAMBLED ACHES
THE DAN, PATRICK SHOW
(Dan Patrick: I'm Dan Patrick, your guide to two of the greatest names in sports.)
    $200 16
New York

Joe
    $200 6
jacks

Joe
    $200 20
"It"

Ian
    $200 1
Cabbage Patch Kids

Grant
    $200 26
a throb

Ian
    $200 11
Dan Marino

Ian
    $400 17
(Joe: What is Pennsylvania?)

Virginia

JoeIan
    $400 7
nick

Grant
    $400 22
Mary, Queen of Scots

Ian
    $400 2
jellies

Grant
    $400 27
sprain

Triple Stumper
    $400 12
Pat Riley

Ian
    $600 18
Massachusetts

Ian
    $600 8
grace

Joe
    $600 23
John Tyler

Joe
    $600 3
(Ian: What are Slinkies?)

Wacky WallWalkers

Ian
Triple Stumper
    $600 28
laceration

Triple Stumper
    $600 13
(Alex: They look alike, though, don't they?)

Danica Patrick

Joe
    $800 19
(Joe: What is California?)

Oregon

JoeGrant
    $800 9
Hank

Ian
    $800 24
a chevron

Ian
    $800 4
the Smurfs

Grant
    $800 29
a bruise

Triple Stumper
    $800 14
the Blackhawks

Joe
    $1000 21
(Ian: What is Maine?)

Indiana

JoeIan
    $1,000 10
Carol and Noel

Ian
    $1000 25
(Grant: Who is the Prince of Orange?)
[Originally ruled incorrect; reversed at the beginning of the Double Jeopardy! Round, as Grant's answer was deemed to have not been acceptable in any other category except STUPID ANSWERS]

William of Orange

JoeGrant
    $1000 5
deely

Grant
    $1000 30
a twinge

Triple Stumper
    $1000 15
(Grant: Who is Bruce Jenner?)

Dan O'Brien

Grant
Triple Stumper

Scores at the first commercial break (after clue 15):

Joe Grant Ian
$2,200 $1,800 $1,800

Scores at the end of the Jeopardy! Round:

Joe Grant Ian
$3,800 $3,600 $3,400

Double Jeopardy! Round responses

ALL EARS
FAMILY MOVIES
POTENT POTABLES
ARBOR DAY READING?
"B"4
(Alex: Each correct response begins with the letter B and will contain 4 letters.)
& AFTER
    $400 16
the eardrum

Ian
    $400 21
Daughter

Joe
    $400 23
scotch

Joe
    $400 11
The River

Grant
    $400 1
bide

Grant
    $400 6
Margaret Thatcher

Ian
    $800 17
tinnitus

Joe
    $800 22
Uncle

Grant
    $800 24
blanc de blancs

Joe
    $800 12
Shel Silverstein

Triple Stumper
    $800 2
bust

Joe
    $800 7
Nehru

Grant
    $1200 18
the Eustachian tube

Grant
    $1200 28
Cousin

Ian
    $1200 25
Angostura

Grant
    $1200 13
Sassy

Grant
    $1200 3
bane

Ian
    $2,000 8
(Alex: 10 days of Van Halen--right!)

(Manuel) Noriega

Grant
    $3,000 19
the stirrup

Grant
    $1600 29
Daddy

Joe
    $1600 26
(Ian: What's a malt?)
(Grant: What is cognac?)
...
(Alex: What is [*]? It's not a cognac. Cognac is from a specific location.)

brandy

GrantIan
Triple Stumper
    $1600 14
the Magic Tree House series

Triple Stumper
    $1600 4
(Grant: What is binary?)
...
(Alex: Supposed to contain only 4 letters. What is [*]? Alpha, [*].)

beta

Grant
Triple Stumper
    $1600 9
Gadhafi

Joe
    $2000 20
the cochlea

Joe
    $2000 30
Mom

Ian
    $2000 27
agave

Ian
    $2000 15
A Tree Grows In Brooklyn

Grant
    $2000 5
baht

Joe
    $2000 10
(Stephen) Douglas

Ian

Scores at the end of the Double Jeopardy! Round:

Joe Grant Ian
$14,200 $13,400 $11,000

[wagering suggestions for these scores]

Final Jeopardy! Round responses

AMERICAN ARTISTS
(Alex: [Revealing Grant's response] [*] is the right artist. Driftwood. Seascape stuff.)
IanWho is Rockwell?
$3,202
GrantWho is Homer
$13,000
JoeWho was W. Homer?
$12,700
Winslow Homer

Final scores:

Joe Grant Ian
$26,900 $26,400 $7,798
2-day champion: $49,500 2nd place: $2,000 3rd place: $1,000

Game dynamics:

Coryat scores:

Joe Grant Ian
$14,200 $11,200 $11,000
17 R,
2 W
17 R
(including 2 DDs),
3 W
17 R
(including 1 DD),
3 W

Combined Coryat: $36,400

[game clues] [game scores] [suggest correction]

Game tape date: 2011-02-01
The J! Archive is created by fans, for fans. Scraping, republication, monetization, and malicious use prohibited; this site may use cookies and collect identifying information. See terms. The Jeopardy! game show and all elements thereof, including but not limited to copyright and trademark thereto, are the property of Jeopardy Productions, Inc. and are protected under law. This website is not affiliated with, sponsored by, or operated by Jeopardy Productions, Inc. Join the discussion at JBoard.tv.